[Event "Quebec-ch"]
[Site "Montreal CAN"]
[Date "2004.07.02"]
[Round "7"]
[White "Bachand-Fleurent, Julien"]
[Black "Tessier, Olivier"]
[Result "1-0"]
[WhiteElo "2127"]
[BlackElo "2214"]
[PlyCount "105"]
[GameId "2160767911096173"]
[EventDate "2004.06.25"]
[EventType "tourn"]
[EventRounds "9"]
[EventCountry "CAN"]
[SourceTitle "EXT 2006"]
[Source "ChessBase"]
[SourceDate "2005.11.24"]
[SourceVersion "1"]
[SourceVersionDate "2005.11.24"]
[SourceQuality "1"]

1. e4 c5 2. Nc3 Nc6 3. g3 g6 4. Bg2 Bg7 5. d3 d6 6. Be3 Rb8 7. Qd2 b5 8. Nge2 Nd4 9. O-O h5 10. h4 Bd7 11. Nd1 Qc8 12. Nc1 Bh3 13. c3 Qg4 14. f3 Qxg3 15. cxd4 cxd4 16. Bf4 Qxh4 17. Ne2 Bxg2 18. Kxg2 Qf6 19. Qa5 g5 20. Qxa7 Rd8 21. Bh2 g4 22. fxg4 Qh4 23. Nf2 hxg4 24. Bg3 Qg5 25. Bf4 Qf6 26. Qb7 e5 27. Nxg4 Qh4 28. Bg3 Qh3+ 29. Kg1 Ne7 30. Qxb5+ Kf8 31. Nh2 Bh6 32. Rf3 Be3+ 33. Kh1 f5 34. Raf1 Rg8 35. exf5 Bf4 36. Rg1 Rh8 37. Nxf4 exf4 38. Rxf4 Rc8 39. Rf2 Rc5 40. Qb8+ Kf7 41. Qxd6 Rxf5 42. Qxd4 Ke8 43. Rxf5 Nxf5 44. Qe4+ Kf7 45. Qc4+ Ke7 46. Qc7+ Kf8 47. Bd6+ Nxd6 48. Qxd6+ Kf7 49. Qf4+ Ke7 50. Rg7+ Ke6 51. Rg6+ Ke7 52. Qe5+ Kd8 53. Rd6+ 1-0

[Event "Quebec-ch"]
[Site "Montreal CAN"]
[Date "2004.07.02"]
[Round "7"]
[White "Berube, Richard"]
[Black "Voskanyan, Vahagn"]
[Result "1/2-1/2"]
[WhiteElo "2331"]
[BlackElo "2300"]
[PlyCount "127"]
[GameId "2160767911096174"]
[EventDate "2004.06.25"]
[EventType "tourn"]
[EventRounds "9"]
[EventCountry "CAN"]
[SourceTitle "EXT 2006"]
[Source "ChessBase"]
[SourceDate "2005.11.24"]
[SourceVersion "1"]
[SourceVersionDate "2005.11.24"]
[SourceQuality "1"]

1. e4 c6 2. d4 d5 3. Nc3 dxe4 4. Nxe4 Nf6 5. Nxf6+ exf6 6. c3 Be7 7. Bd3 Be6 8. Ne2 Qd7 9. Qc2 Na6 10. O-O Nc7 11. c4 Bg4 12. Be3 Bxe2 13. Qxe2 O-O 14. Rad1 Rfe8 15. Qf3 g6 16. Bc2 f5 17. Qg3 Bd6 18. Qh4 Rad8 19. d5 cxd5 20. cxd5 a6 21. Bg5 Rc8 22. Bb3 Re4 23. Qh3 Rce8 24. Bf6 Be5 25. Bxe5 R8xe5 26. d6 Nb5 27. Bxf7+ Kg7 28. Bd5 Rd4 29. Rxd4 Nxd4 30. Bb3 Qxd6 31. Rd1 Qb4 32. Kf1 Qb5+ 33. Qd3 Nxb3 34. axb3 Rd5 35. Qxb5 Rxb5 36. Rd3 g5 37. Ke2 Kf6 38. Kd2 h5 39. Kc2 Rb4 40. Kc3 Re4 41. Rd6+ Ke5 42. Rd7 Rh4 43. h3 g4 44. hxg4 hxg4 45. g3 Rh2 46. Re7+ Kf6 47. Re2 Rg2 48. Kd3 Rg1 49. Ke3 Rc1 50. Kd4 Rc6 51. Kd5 Rb6 52. Re3 Rb4 53. Kc5 a5 54. Rd3 Ke5 55. Re3+ Kf6 56. Rd3 Kg5 57. Kd6 b6 58. Ke6 Re4+ 59. Kf7 Re2 60. Rd6 Rxf2 61. Kg7 Rxb2 62. Rg6+ Kh5 63. Rh6+ Kg5 64. Rg6+ 1/2-1/2

[Event "Quebec-ch"]
[Site "Montreal CAN"]
[Date "2004.07.02"]
[Round "7"]
[White "Feoktistov, Dmitri"]
[Black "Lawson, Eric"]
[Result "1-0"]
[WhiteElo "2272"]
[BlackElo "2359"]
[PlyCount "71"]
[GameId "2160767911096176"]
[EventDate "2004.06.25"]
[EventType "tourn"]
[EventRounds "9"]
[EventCountry "CAN"]
[SourceTitle "EXT 2006"]
[Source "ChessBase"]
[SourceDate "2005.11.24"]
[SourceVersion "1"]
[SourceVersionDate "2005.11.24"]
[SourceQuality "1"]

1. d4 Nf6 2. c4 e6 3. Nc3 Bb4 4. Nf3 O-O 5. Bg5 h6 6. Bh4 c5 7. e3 cxd4 8. exd4 Qa5 9. Qc2 Ne4 10. Rc1 d5 11. Nd2 Nc6 12. Ndxe4 dxe4 13. a3 Bxc3+ 14. Qxc3 Qxc3+ 15. bxc3 b6 16. Be2 Ba6 17. f3 e3 18. Bg3 f5 19. Bd6 Rf7 20. c5 Bxe2 21. Kxe2 bxc5 22. Bxc5 f4 23. g3 g5 24. gxf4 gxf4 25. Rhg1+ Kh7 26. Rg4 Rb8 27. Bd6 Rb2+ 28. Kd3 e5 29. dxe5 h5 30. Rg5 Rxh2 31. Rcg1 Nd8 32. Ke4 Nb7 33. Bb4 a5 34. e6 Rc7 35. e7 axb4 36. Rg7+ 1-0

[Event "Quebec-ch"]
[Site "Montreal CAN"]
[Date "2004.07.03"]
[Round "8"]
[White "Khassanov, Marat"]
[Black "Feoktistov, Dmitri"]
[Result "1-0"]
[WhiteElo "2350"]
[BlackElo "2272"]
[PlyCount "77"]
[GameId "2160767911096179"]
[EventDate "2004.06.25"]
[EventType "tourn"]
[EventRounds "9"]
[EventCountry "CAN"]
[SourceTitle "EXT 2006"]
[Source "ChessBase"]
[SourceDate "2005.11.24"]
[SourceVersion "1"]
[SourceVersionDate "2005.11.24"]
[SourceQuality "1"]

1. e4 c6 2. d4 d5 3. exd5 cxd5 4. c3 Nc6 5. Nf3 Bg4 6. Qb3 Bxf3 7. Qxb7 Qc8 8. Qxc8+ Rxc8 9. gxf3 Nxd4 10. Ba6 Rc7 11. Na3 Ne6 12. Nb5 Rc6 13. Bb7 Rb6 14. Bxd5 a6 15. Na3 Nf6 16. Bc4 Nc7 17. Bb3 Nfd5 18. Be3 Nxe3 19. fxe3 e6 20. Ba4+ Ke7 21. Nc4 Rb7 22. O-O-O Nb5 23. Ne5 Rc7 24. Kb1 Kf6 25. f4 Bc5 26. Rd7 Rhc8 27. Rhd1 g6 28. c4 Na7 29. Rxc7 Rxc7 30. Rd7 Bb6 31. c5 Ba5 32. b4 Rxd7 33. Nxd7+ Kf5 34. Bc2+ Kg4 35. Ne5+ Kh3 36. bxa5 Kxh2 37. Nxf7 h5 38. Bxg6 h4 39. Ng5 1-0

[Event "Quebec-ch"]
[Site "Montreal CAN"]
[Date "2004.07.03"]
[Round "8"]
[White "Lawson, Eric"]
[Black "Bolduc, Steve"]
[Result "1-0"]
[WhiteElo "2359"]
[BlackElo "2121"]
[PlyCount "101"]
[GameId "2160767911096180"]
[EventDate "2004.06.25"]
[EventType "tourn"]
[EventRounds "9"]
[EventCountry "CAN"]
[SourceTitle "EXT 2006"]
[Source "ChessBase"]
[SourceDate "2005.11.24"]
[SourceVersion "1"]
[SourceVersionDate "2005.11.24"]
[SourceQuality "1"]

1. e4 c5 2. Nf3 Nc6 3. Bb5 Nf6 4. Bxc6 dxc6 5. d3 c4 6. e5 Ng4 7. d4 g6 8. h3 Nh6 9. g4 Be6 10. Be3 Bd5 11. Nc3 f5 12. g5 Nf7 13. Rg1 e6 14. Nd2 b5 15. a3 a5 16. h4 Be7 17. f4 h5 18. Kf2 Qd7 19. Qe2 O-O 20. Rgc1 a4 21. Nf1 Kg7 22. Ng3 Nd8 23. Bd2 Nb7 24. Nd1 Rh8 25. Ne3 Qc7 26. Bb4 Na5 27. Rd1 Rhd8 28. Nef1 Rd7 29. Nxh5+ gxh5 30. Ng3 Rh8 31. Nxh5+ Kg6 32. Nf6 Bxf6 33. gxf6 Rxh4 34. Rg1+ Kh7 35. Rg5 Rh2+ 36. Ke1 Rh1+ 37. Kd2 c3+ 38. Kxc3 Rh3+ 39. Qd3 Rxd3+ 40. Kxd3 Qd8 41. Rag1 Bf3 42. Ke3 Rxd4 43. Bd6 Rxd6 44. exd6 Qxd6 45. Kxf3 Qd5+ 46. Ke2 Qe4+ 47. Kd1 Qf3+ 48. Kc1 Nc4 49. f7 Nxa3 50. f8=N+ Kh6 51. Rg6+ 1-0

[Event "Quebec-ch"]
[Site "Montreal CAN"]
[Date "2004.07.03"]
[Round "8"]
[White "Tessier, Olivier"]
[Black "Voskanyan, Vahagn"]
[Result "1/2-1/2"]
[WhiteElo "2214"]
[BlackElo "2300"]
[PlyCount "113"]
[GameId "2160767911096182"]
[EventDate "2004.06.25"]
[EventType "tourn"]
[EventRounds "9"]
[EventCountry "CAN"]
[SourceTitle "EXT 2006"]
[Source "ChessBase"]
[SourceDate "2005.11.24"]
[SourceVersion "1"]
[SourceVersionDate "2005.11.24"]
[SourceQuality "1"]

1. f3 d5 2. g3 e5 3. Nh3 Bd6 4. Nf2 Ne7 5. Bg2 c6 6. e3 O-O 7. O-O Be6 8. c3 Qb6 9. b3 a5 10. Na3 Qc7 11. Nc2 Nd7 12. f4 Bf5 13. fxe5 Nxe5 14. d4 N5g6 15. e4 dxe4 16. Ne3 Be6 17. Nxe4 Rad8 18. Qh5 f6 19. Bh3 Bxh3 20. Qxh3 Qb8 21. Nc4 Bc7 22. Ba3 Qc8 23. Qxc8 Rxc8 24. Rae1 b5 25. Ncd6 Rb8 26. Bc5 Rfd8 27. Nf5 Nxf5 28. Rxf5 Re8 29. Kf2 Re6 30. Rf3 Rbe8 31. Rfe3 a4 32. c4 axb3 33. axb3 bxc4 34. bxc4 Nf8 35. Kg2 Rd8 36. Bxf8 Kxf8 37. Nc5 Rxe3 38. Rxe3 Kf7 39. Ne6 Re8 40. d5 cxd5 41. cxd5 Bd6 42. Kf3 Rb8 43. h4 h5 44. Rd3 Rb1 45. Nf4 g6 46. Ne2 g5 47. hxg5 fxg5 48. Nc3 Rf1+ 49. Kg2 Re1 50. Nb5 Ke7 51. Nd4 Bc5 52. d6+ Kd7 53. Nf5 g4 54. Rd5 Re2+ 55. Kf1 Rf2+ 56. Ke1 Rc2 57. Re5 1/2-1/2

[Event "Quebec-ch"]
[Site "Montreal CAN"]
[Date "2004.07.04"]
[Round "9"]
[White "Berube, Richard"]
[Black "Lawson, Eric"]
[Result "0-1"]
[WhiteElo "2331"]
[BlackElo "2359"]
[PlyCount "90"]
[GameId "2160767911096183"]
[EventDate "2004.06.25"]
[EventType "tourn"]
[EventRounds "9"]
[EventCountry "CAN"]
[SourceTitle "EXT 2006"]
[Source "ChessBase"]
[SourceDate "2005.11.24"]
[SourceVersion "1"]
[SourceVersionDate "2005.11.24"]
[SourceQuality "1"]

1. e4 c5 2. Nc3 Nc6 3. Nge2 Nf6 4. g3 d5 5. exd5 Nd4 6. Bg2 Bg4 7. O-O Nf3+ 8. Bxf3 Bxf3 9. d4 c4 10. Qd2 Nxd5 11. Nf4 e6 12. Ncxd5 Bxd5 13. Re1 Be7 14. Nxd5 Qxd5 15. c3 Bf6 16. Qe2 O-O 17. Bf4 b5 18. Be5 Be7 19. Qg4 f6 20. Bf4 Kf7 21. Re2 a5 22. Rae1 Ra6 23. Qh3 h5 24. Qg2 Qxg2+ 25. Kxg2 Rd8 26. h4 b4 27. Rc1 Rc6 28. Rec2 b3 29. axb3 cxb3 30. Re2 a4 31. Bd2 a3 32. bxa3 Bxa3 33. Rb1 b2 34. Be1 e5 35. dxe5 fxe5 36. Rxe5 Rcd6 37. Rf5+ Kg8 38. c4 Rd1 39. Rxb2 Bxb2 40. Ba5 Rf8 41. Rxh5 Rc1 42. Bb4 Rf6 43. c5 Rc2 44. Be1 Bc3 45. Bxc3 Rxc3 0-1

[Event "Quebec-ch"]
[Site "Montreal CAN"]
[Date "2004.07.04"]
[Round "9"]
[White "Bolduc, Steve"]
[Black "Khassanov, Marat"]
[Result "1/2-1/2"]
[WhiteElo "2121"]
[BlackElo "2350"]
[PlyCount "77"]
[GameId "2160767911096184"]
[EventDate "2004.06.25"]
[EventType "tourn"]
[EventRounds "9"]
[EventCountry "CAN"]
[SourceTitle "EXT 2006"]
[Source "ChessBase"]
[SourceDate "2005.11.24"]
[SourceVersion "1"]
[SourceVersionDate "2005.11.24"]
[SourceQuality "1"]

1. d4 c5 2. d5 Nf6 3. Nc3 d6 4. e4 e6 5. Nf3 exd5 6. exd5 Be7 7. Bb5+ Bd7 8. Bxd7+ Qxd7 9. a4 Na6 10. O-O Nb4 11. Bg5 O-O 12. Bxf6 Bxf6 13. Ne4 Bxb2 14. Rb1 Bf6 15. Nxf6+ gxf6 16. c3 Na6 17. Nh4 b6 18. Qf3 Rae8 19. Rbd1 Re5 20. Rd3 f5 21. Qf4 f6 22. Qh6 f4 23. Qxf4 Kf7 24. Qh6 Ke8 25. Rf3 Nc7 26. c4 Rf7 27. Rxf6 Rxf6 28. Qxf6 Qe7 29. Qxe7+ Kxe7 30. Nf3 Re2 31. Re1 Rxe1+ 32. Nxe1 a6 33. Nc2 Kf6 34. Kf1 Ke5 35. Ke2 b5 36. axb5 axb5 37. Ne3 bxc4 38. Nxc4+ Kxd5 39. Kd3 1/2-1/2

[Event "Quebec-ch U20"]
[Site "Montreal CAN"]
[Date "2004.05.14"]
[Round "1"]
[White "Bachand-Fleurent, Julien"]
[Black "Audet-Bouchard, Nicolas"]
[Result "1/2-1/2"]
[WhiteElo "2103"]
[BlackElo "2110"]
[PlyCount "51"]
[GameId "2160767911158208"]
[EventDate "2004.05.14"]
[EventType "tourn"]
[EventRounds "5"]
[EventCountry "CAN"]

1. e4 e6 2. d4 d5 3. Nc3 dxe4 4. Nxe4 Bd7 5. Nf3 Bc6 6. Bd3 Nd7 7. Qe2 Ngf6 8. O-O Nxe4 9. Bxe4 Bxe4 10. Qxe4 c6 11. c3 Nf6 12. Qe2 Be7 13. Ne5 O-O 14. f4 Re8 15. f5 Qd5 16. fxe6 Qxe6 17. Bg5 Nd7 18. Bf4 Bd6 19. Qf2 Nxe5 20. Bxe5 Bxe5 21. dxe5 Re7 22. Rfe1 b6 23. b3 Rae8 24. Qd4 Qd5 25. Qxd5 cxd5 26. Rad1 1/2-1/2

[Event "Quebec-ch U20"]
[Site "Montreal CAN"]
[Date "2004.05.14"]
[Round "1"]
[White "Feoktistov, Dmitri"]
[Black "Tomb, Maroun"]
[Result "1/2-1/2"]
[WhiteElo "2276"]
[BlackElo "2133"]
[PlyCount "32"]
[GameId "2160767911158209"]
[EventDate "2004.05.14"]
[EventType "tourn"]
[EventRounds "5"]
[EventCountry "CAN"]

1. d4 Nc6 2. c4 d5 3. Nc3 Nf6 4. cxd5 Nxd5 5. e4 Nxc3 6. bxc3 e5 7. d5 Nb8 8. Be3 a6 9. Ne2 Nd7 10. g3 Bc5 11. Qd2 O-O 12. Bh3 Bxe3 13. Qxe3 Nb6 14. Bxc8 Rxc8 15. O-O c6 16. d6 Nc4 1/2-1/2

[Event "Quebec-ch U20"]
[Site "Montreal CAN"]
[Date "2004.05.14"]
[Round "1"]
[White "Laframboise, Marc-Andre"]
[Black "Khodjimatov, Sherzod"]
[Result "1-0"]
[WhiteElo "2117"]
[BlackElo "2047"]
[PlyCount "49"]
[GameId "2160767911158210"]
[EventDate "2004.05.14"]
[EventType "tourn"]
[EventRounds "5"]
[EventCountry "CAN"]

1. d4 d5 2. c4 e6 3. Nc3 Nf6 4. cxd5 exd5 5. Bg5 Be7 6. Qc2 Nc6 7. e3 Nb4 8. Qb3 Bf5 9. Rc1 c5 10. Bxf6 Bxf6 11. dxc5 d4 12. Nb5 O-O 13. Qxb4 dxe3 14. Nd6 a5 15. Qc4 b5 16. Qe2 exf2+ 17. Qxf2 Be6 18. Bxb5 Bh4 19. g3 Bd5 20. Nf3 Bg5 21. Rc2 Bf6 22. Rd2 Qe7+ 23. Kd1 Bxa2 24. Nd4 Rfc8 25. Re1 1-0

[Event "Quebec-ch U20"]
[Site "Montreal CAN"]
[Date "2004.05.15"]
[Round "2"]
[White "Audet-Bouchard, Nicolas"]
[Black "Tomb, Maroun"]
[Result "1/2-1/2"]
[WhiteElo "2110"]
[BlackElo "2133"]
[PlyCount "69"]
[GameId "2160767911158211"]
[EventDate "2004.05.14"]
[EventType "tourn"]
[EventRounds "5"]
[EventCountry "CAN"]

1. e4 c5 2. Nf3 Nc6 3. Bb5 g6 4. O-O Bg7 5. c3 d5 6. Bxc6+ bxc6 7. d3 Nf6 8. e5 Nd7 9. d4 O-O 10. Re1 Rb8 11. b3 cxd4 12. cxd4 c5 13. Nc3 e6 14. Ba3 Qa5 15. Na4 Nb6 16. dxc5 Nxa4 17. bxa4 Ba6 18. c6 Rfc8 19. Bd6 Rb2 20. Nd4 Bc4 21. c7 Rxc7 22. Bxc7 Qxc7 23. Nf3 Rxa2 24. Rxa2 Bxa2 25. Qd2 Bc4 26. Qb2 Bf8 27. Nd2 Qa5 28. Ra1 Bb4 29. Nxc4 dxc4 30. Rb1 c3 31. Qxb4 c2 32. Qb8+ Kg7 33. Rf1 Qc3 34. Qd8 c1=Q 35. Qf6+ 1/2-1/2

[Event "Quebec-ch U20"]
[Site "Montreal CAN"]
[Date "2004.05.15"]
[Round "2"]
[White "Bachand-Fleurent, Julien"]
[Black "Laframboise, Marc-Andre"]
[Result "0-1"]
[WhiteElo "2103"]
[BlackElo "2117"]
[PlyCount "92"]
[GameId "2160767911158212"]
[EventDate "2004.05.14"]
[EventType "tourn"]
[EventRounds "5"]
[EventCountry "CAN"]

1. e4 c5 2. Nc3 Nc6 3. g3 g6 4. Bg2 Bg7 5. d3 d6 6. Be3 Rb8 7. Qd2 b5 8. Nge2 b4 9. Nd1 h5 10. h3 e5 11. c3 Nge7 12. O-O h4 13. g4 f5 14. exf5 gxf5 15. Bg5 d5 16. Ne3 fxg4 17. Bxd5 Qd6 18. Bxc6+ Qxc6 19. Nxg4 Bxg4 20. hxg4 Qf3 21. Kh2 h3 22. Rg1 Qxf2+ 23. Kh1 Qf3+ 24. Kh2 Qf2+ 25. Kh1 Qf3+ 26. Kh2 Rd8 27. Rg3 Qf2+ 28. Kh1 c4 29. Qe3 Qxe3 30. Rxe3 Rxd3 31. cxb4 Nd5 32. Re4 O-O 33. Rxc4 Rf2 34. Re1 Ne3 35. Re4 Nf1 36. Bh4 Rh2+ 37. Kg1 Rg2+ 38. Kh1 Nd2 39. Nc1 Nf3 40. Bg3 Rdd2 41. R4e2 Rdxe2 42. Nxe2 Nxe1 43. Bxe1 Rxe2 44. Bc3 e4 45. a4 Bxc3 46. bxc3 Rg2 0-1

[Event "Quebec-ch U20"]
[Site "Montreal CAN"]
[Date "2004.05.15"]
[Round "2"]
[White "Khodjimatov, Sherzod"]
[Black "Feoktistov, Dmitri"]
[Result "0-1"]
[WhiteElo "2047"]
[BlackElo "2276"]
[PlyCount "60"]
[GameId "2160767911158213"]
[EventDate "2004.05.14"]
[EventType "tourn"]
[EventRounds "5"]
[EventCountry "CAN"]

1. e4 c6 2. d4 d5 3. Nc3 dxe4 4. Nxe4 Bf5 5. Ng3 Bg6 6. Nf3 Nd7 7. h4 h6 8. h5 Bh7 9. Bd3 Bxd3 10. Qxd3 Qc7 11. Bd2 Ngf6 12. O-O-O e6 13. Qe2 c5 14. Rhe1 Qb6 15. Ne5 cxd4 16. Ba5 Qxa5 17. Nxf7 Qxa2 18. Nxh8 Qa1+ 19. Kd2 Bb4+ 20. Kd3 Nc5+ 21. Kxd4 Qxb2+ 22. Ke3 Bxe1 23. Qxe1 Nd5+ 24. Kf3 O-O-O 25. Ng6 Qxc2 26. Rc1 Qd3+ 27. Kg4 Qd4+ 28. Kh3 Kb8 29. Ne5 Nf4+ 30. Kh2 Nfd3 0-1

[Event "Quebec-ch U20"]
[Site "Montreal CAN"]
[Date "2004.05.15"]
[Round "3"]
[White "Feoktistov, Dmitri"]
[Black "Bachand-Fleurent, Julien"]
[Result "1/2-1/2"]
[WhiteElo "2276"]
[BlackElo "2103"]
[PlyCount "89"]
[GameId "2160767911158214"]
[EventDate "2004.05.14"]
[EventType "tourn"]
[EventRounds "5"]
[EventCountry "CAN"]

1. d4 d5 2. c4 c6 3. Nc3 e6 4. Nf3 dxc4 5. Ne5 b5 6. g3 Bb7 7. Bg2 Bb4 8. O-O Bxc3 9. bxc3 Ne7 10. a4 f6 11. Nf3 Nd5 12. Qc2 O-O 13. Rd1 Nd7 14. e4 N5b6 15. a5 Na4 16. Rxa4 bxa4 17. Qxa4 Rc8 18. Qxc4 Re8 19. Bh3 Qe7 20. Ba3 Qf7 21. Bd6 Kh8 22. Rb1 Ba8 23. Nd2 g5 24. f4 gxf4 25. Bxf4 c5 26. Qd3 cxd4 27. cxd4 Qh5 28. Bf1 Qxa5 29. Nc4 Rxc4 30. Qxc4 Bxe4 31. Rc1 Qb6 32. Qa4 Nf8 33. Bg2 Rd8 34. Be3 Bxg2 35. Kxg2 e5 36. Bh6 exd4 37. Rd1 Ne6 38. Qc4 Qb7+ 39. Kg1 Qd5 40. Qa6 Re8 41. Qxa7 Qh5 42. Qa4 Rd8 43. Qb3 Nc5 44. Rxd4 Re8 45. Qc3 1/2-1/2

[Event "Quebec-ch U20"]
[Site "Montreal CAN"]
[Date "2004.05.15"]
[Round "3"]
[White "Laframboise, Marc-Andre"]
[Black "Audet-Bouchard, Nicolas"]
[Result "1-0"]
[WhiteElo "2117"]
[BlackElo "2110"]
[PlyCount "91"]
[GameId "2160767911158215"]
[EventDate "2004.05.14"]
[EventType "tourn"]
[EventRounds "5"]
[EventCountry "CAN"]

1. d4 Nf6 2. c4 d6 3. Nc3 Nbd7 4. e4 e5 5. d5 Nc5 6. f3 a5 7. Be3 Nfd7 8. Qd2 Be7 9. Nge2 h6 10. g3 Bg5 11. f4 exf4 12. gxf4 Bh4+ 13. Ng3 Qe7 14. O-O-O Bxg3 15. hxg3 O-O 16. g4 Re8 17. Bg2 Nf6 18. Bxc5 dxc5 19. e5 Nxg4 20. Bf3 Bf5 21. Rdg1 Nxe5 22. fxe5 Qxe5 23. Qxh6 Qe3+ 24. Qxe3 Rxe3 25. Be2 Rae8 26. Kd2 g6 27. Rf1 Kg7 28. Rf3 R3e5 29. Rg1 Bd7 30. Rfg3 Rh8 31. Bg4 f5 32. Bh5 Rxh5 33. Rxg6+ Kf8 34. Rg8+ Ke7 35. R1g7+ Kf6 36. Rxd7 Rh2+ 37. Kd3 Rxb2 38. Rgg7 Re8 39. Rxc7 Rh8 40. Rcf7+ Ke5 41. Rg3 Rhh2 42. Re3+ Kf4 43. Ne2+ Kg5 44. Rg3+ Kh6 45. Nf4 Rhd2+ 46. Ke3 1-0

[Event "Quebec-ch U20"]
[Site "Montreal CAN"]
[Date "2004.05.15"]
[Round "3"]
[White "Tomb, Maroun"]
[Black "Khodjimatov, Sherzod"]
[Result "1-0"]
[WhiteElo "2133"]
[BlackElo "2047"]
[PlyCount "127"]
[GameId "2160767911158216"]
[EventDate "2004.05.14"]
[EventType "tourn"]
[EventRounds "5"]
[EventCountry "CAN"]

1. c4 Nf6 2. Nc3 g6 3. e4 d6 4. d4 Bg7 5. Bg5 O-O 6. Qd2 e5 7. d5 a5 8. h4 Nbd7 9. h5 Nc5 10. f3 Qe8 11. Nb5 Qd7 12. O-O-O Nxh5 13. Ne2 f6 14. Be3 f5 15. exf5 Rxf5 16. g4 Rxf3 17. Bxc5 Nf4 18. Nxf4 Rxf4 19. Be3 Rxg4 20. Nc3 Qe7 21. Qh2 Bf6 22. Be2 Rh4 23. Qg2 Bf5 24. Rxh4 Bxh4 25. Bh6 e4 26. Rf1 Kh8 27. Nd1 Qe5 28. Bd2 Qg3 29. Qh1 Bg5 30. Qg1 Bxd2+ 31. Kxd2 Qe5 32. Qe3 c5 33. dxc6 bxc6 34. Qc3 Re8 35. Ne3 Qxc3+ 36. Kxc3 Re5 37. Rd1 Re6 38. b4 axb4+ 39. Kxb4 h5 40. Bxh5 gxh5 41. Nxf5 e3 42. Re1 e2 43. Ng3 Re5 44. Rxe2 Rg5 45. Nf1 Rg1 46. Rf2 h4 47. a4 h3 48. Ne3 Rg3 49. Nf1 Rg1 50. a5 Kg7 51. a6 h2 52. Nxh2 Ra1 53. Rd2 d5 54. cxd5 cxd5 55. Kb5 Rb1+ 56. Kc6 Ra1 57. Kb7 Rb1+ 58. Ka8 Rb5 59. Nf3 Kf6 60. Nd4 Rb6 61. Ka7 Rb1 62. Ne2 Ke6 63. Rxd5 Re1 64. Nf4+ 1-0

[Event "Quebec-ch U20"]
[Site "Montreal CAN"]
[Date "2004.05.16"]
[Round "4"]
[White "Audet-Bouchard, Nicolas"]
[Black "Khodjimatov, Sherzod"]
[Result "0-1"]
[WhiteElo "2110"]
[BlackElo "2047"]
[PlyCount "128"]
[GameId "2160767911158217"]
[EventDate "2004.05.14"]
[EventType "tourn"]
[EventRounds "5"]
[EventCountry "CAN"]

1. e4 e5 2. Nf3 Nc6 3. Bb5 a6 4. Ba4 Nf6 5. O-O Be7 6. Re1 b5 7. Bb3 O-O 8. c3 d6 9. d4 exd4 10. cxd4 Na5 11. Bc2 c5 12. d5 Bg4 13. Nbd2 Nd7 14. h3 Bh5 15. g4 Bg6 16. Nf1 Nc4 17. b3 Bf6 18. Rb1 Ncb6 19. Bf4 Be5 20. Nxe5 dxe5 21. Be3 Nc8 22. Ng3 Nd6 23. Nf5 Bxf5 24. gxf5 f6 25. Kh2 Qa5 26. Ra1 c4 27. Rg1 Kh8 28. Qg4 Rf7 29. Qh5 Rc8 30. Rg4 Qc3 31. Rc1 Qb2 32. Rh4 Nf8 33. b4 Qxb4 34. f4 Qa3 35. Bd2 b4 36. fxe5 fxe5 37. Bb3 c3 38. Rc2 Qa5 39. Be3 Qb5 40. Qd1 Nd7 41. Bg5 Qc5 42. Re2 Nf6 43. Be3 Qb5 44. Bg5 Rfc7 45. Bxf6 gxf6 46. Rg2 Qc5 47. Qh5 Qe3 48. Qg6 Rf8 49. Qg4 Qg5 50. Qxg5 fxg5 51. Rhg4 Rg8 52. Bc2 a5 53. h4 h6 54. hxg5 hxg5 55. Rxg5 Rxg5 56. Rxg5 Rg7 57. Rg3 Rxg3 58. Kxg3 Kg7 59. Kf3 Nb7 60. Ke2 Nc5 61. d6 Kf6 62. Bb3 a4 63. Bd5 a3 64. Kd1 b3 0-1

[Event "Quebec-ch U20"]
[Site "Montreal CAN"]
[Date "2004.05.16"]
[Round "4"]
[White "Bachand-Fleurent, Julien"]
[Black "Tomb, Maroun"]
[Result "1-0"]
[WhiteElo "2103"]
[BlackElo "2133"]
[PlyCount "81"]
[GameId "2160767911158218"]
[EventDate "2004.05.14"]
[EventType "tourn"]
[EventRounds "5"]
[EventCountry "CAN"]

1. e4 c6 2. d4 d5 3. Nc3 g6 4. e5 h5 5. f4 Nh6 6. Nf3 Bg4 7. h3 Bf5 8. Be2 e6 9. Be3 h4 10. O-O Nd7 11. Qd2 Rc8 12. Bf2 Be7 13. Rfc1 c5 14. Nb5 a6 15. Nd6+ Bxd6 16. exd6 f6 17. Nxh4 c4 18. Qe3 Kf7 19. Nf3 Be4 20. g4 Qb6 21. Nd2 f5 22. Nxe4 fxe4 23. Bg3 Qxd6 24. f5 Qe7 25. Bf4 Ng8 26. Bg5 Qd6 27. Rf1 gxf5 28. gxf5 e5 29. Qg3 Ngf6 30. Bg4 Rcg8 31. Bd2 Rxh3 32. Qxh3 Rxg4+ 33. Kh1 exd4 34. Rg1 Ne5 35. Bg5 Rxg5 36. Rxg5 Nf3 37. Rg6 Qf4 38. Qh8 Qxf5 39. Rg7+ Ke6 40. Qc8+ Ke5 41. Qc7+ 1-0

[Event "Quebec-ch U20"]
[Site "Montreal CAN"]
[Date "2004.05.16"]
[Round "4"]
[White "Laframboise, Marc-Andre"]
[Black "Feoktistov, Dmitri"]
[Result "0-1"]
[WhiteElo "2117"]
[BlackElo "2276"]
[PlyCount "46"]
[GameId "2160767911158219"]
[EventDate "2004.05.14"]
[EventType "tourn"]
[EventRounds "5"]
[EventCountry "CAN"]

1. d4 d5 2. c4 e6 3. Nc3 c5 4. cxd5 cxd4 5. Qa4+ Bd7 6. Qxd4 exd5 7. Qxd5 Nc6 8. Bg5 Nf6 9. Qd2 Qa5 10. Bxf6 gxf6 11. O-O-O O-O-O 12. Qd5 Bc5 13. Ne4 Be6 14. Qxc5 Qxa2 15. Nd6+ Rxd6 16. Rxd6 Qa1+ 17. Kc2 Qxf1 18. Qc3 Kb8 19. Qg3 Ne5 20. Rd3 Bf5 21. Kd2 Bxd3 22. Nf3 Qxe2+ 23. Kc3 Rc8+ 0-1

[Event "Quebec-ch U20"]
[Site "Montreal CAN"]
[Date "2004.05.16"]
[Round "5"]
[White "Feoktistov, Dmitri"]
[Black "Audet-Bouchard, Nicolas"]
[Result "1/2-1/2"]
[WhiteElo "2276"]
[BlackElo "2110"]
[PlyCount "98"]
[GameId "2160767911158220"]
[EventDate "2004.05.14"]
[EventType "tourn"]
[EventRounds "5"]
[EventCountry "CAN"]

1. d4 Nf6 2. c4 d6 3. Nc3 Nbd7 4. e4 e5 5. Nge2 Be7 6. f3 O-O 7. Be3 c6 8. Qd2 a6 9. g4 b5 10. h4 bxc4 11. O-O-O d5 12. g5 Nh5 13. exd5 cxd5 14. Nxd5 Bb7 15. Nxe7+ Qxe7 16. d5 f5 17. gxf6 Qxf6 18. Bh3 Qd6 19. Rhg1 Nc5 20. Bxc5 Qxc5 21. Qg5 g6 22. Qxh5 Qe3+ 23. Kb1 Qxe2 24. Qh6 Rf6 25. Be6+ Kh8 26. Qg5 Raf8 27. Rde1 Qxf3 28. Qxe5 Qf4 29. d6 Qxe5 30. Rxe5 Rd8 31. d7 Bc6 32. Bh3 Kg7 33. Rc5 Bb5 34. Rc8 Rff8 35. Re1 Kh6 36. Re7 g5 37. hxg5+ Kxg5 38. Rxh7 Kf6 39. Kc2 Bxd7 40. Rxd8 Ba4+ 41. b3 cxb3+ 42. axb3 Bxb3+ 43. Kxb3 Rxd8 44. Bf1 Ke5 45. Bxa6 Ke4 46. Kc3 Ke5 47. Bc4 Ke4 48. Re7+ Kf5 49. Re1 Rd6 1/2-1/2

[Event "Quebec-ch U20"]
[Site "Montreal CAN"]
[Date "2004.05.16"]
[Round "5"]
[White "Khodjimatov, Sherzod"]
[Black "Bachand-Fleurent, Julien"]
[Result "0-1"]
[WhiteElo "2047"]
[BlackElo "2103"]
[PlyCount "72"]
[GameId "2160767911158221"]
[EventDate "2004.05.14"]
[EventType "tourn"]
[EventRounds "5"]
[EventCountry "CAN"]

1. e4 e6 2. d3 d5 3. Nf3 c5 4. g3 Nc6 5. Nc3 d4 6. Ne2 Bd6 7. Bg2 Nge7 8. a4 O-O 9. O-O a6 10. Nd2 Rb8 11. f4 f6 12. g4 Qc7 13. Nf3 Ng6 14. f5 Nge5 15. Nxe5 Bxe5 16. Nf4 b5 17. axb5 axb5 18. Qe1 Nb4 19. Rf2 Qd6 20. h3 c4 21. Qd1 Rf7 22. fxe6 Re7 23. Nd5 Nxd5 24. exd5 Bb7 25. dxc4 bxc4 26. b3 d3 27. Ba3 dxc2 28. Qxc2 Qb6 29. bxc4 Bxa1 30. Bxe7 Bd4 31. c5 Qb4 32. Kh2 Qe1 33. Qd2 Be5+ 34. Qf4 Qxf2 35. Qxe5 fxe5 36. c6 Bxc6 0-1